Výchova mimo vyučovania v systéme komunistickej výchovy

Bibliographic Details
Main Author: Pavlík, Jozef (Author)
Format: Article
Language:Slovak
PhysicalDescription:Lit. 13 zázn. v slov.
Subjects:

MARC

LEADER 00000nab a2200000 a 4500
001 vtls000411636
003 SK-MaSNL
005 20260302235325.0
008 160204c1989 xo 0 slo
015 |a SNBRA19rr/mm-uuuuu 
035 |a CL0411760 
040 |a SNKBUCL  |b slo  |c SNKBUCL  |e AACR2 
041 0 |a slo 
044 |a xo  |c SK 
080 |a 347.1  |2 1981 
100 1 |a Pavlík, Jozef  |4 aut  |9 5583 
245 1 0 |a Výchova mimo vyučovania v systéme komunistickej výchovy  |c Jozef Pavlík 
300 |b Lit. 13 zázn. v slov. 
650 0 7 |a výchova mimo vyučovania  |2 snkbucl  |9 872201 
655 7 |a články zo zborníkov  |2 snkbucl  |9 166140 
773 0 |t Zborník vybraných statí pre funkčné štúdium vedúcich pedagogických pracovníkov. 4. časť  |d Bratislava : SPN, 1989 
850 |a Slovenská národná knižnica v Martine  |a MTA001 
852 |a SNK  |b KIS3GCP 
958 |a NB 
958 |a RK 
992 |a RZB 
999 |c 1554213  |d 1556143